| 000 | 00619 a2200265 4500 | ||
|---|---|---|---|
| 260 | _aVilleurbanne | ||
| 630 | _a57 - Biologie | ||
| 037 | _b2, Achat | ||
| 650 | _a5 - SCIENCES EXACTES ET NATURELLES | ||
| 100 | _aLouisot, Pierre | ||
| 260 | _bSimep Editions | ||
| 245 | _aBiochimie structurale : 3. Vitamines coenzymes | ||
| 300 | _a103 p. | ||
| 650 | _aBiochimie | ||
| 260 | _c1974 | ||
| 300 | _b27cm | ||
| 100 | _lFr | ||
| 037 | _aS 4018 | ||
| 037 | _aS 4025 | ||
| 440 | _aBiochimie | ||
| 250 | _a2e éd. revue, corrigée et augmentée | ||
| 020 | _a2-85334-099-6 | ||
| 999 |
_c41604 _d41604 |
||